<?xml version="1.0" encoding="UTF-8"?><OAI-PMH xmlns="http://www.openarchives.org/OAI/2.0/" xmlns:xsi="http://www.w3.org/2001/XMLSchema-instance"     xsi:schemaLocation="http://www.openarchives.org/OAI/2.0/ http://www.openarchives.org/OAI/2.0/OAI-PMH.xsd"><responseDate>2026-05-13T14:32:55Z</responseDate><request verb="GetRecord" identifier="oai:regmurcia.com:fintegr.1889" metadataPrefix="marc21">http://oai.regmurcia.com/oai2/oai2.php</request><GetRecord><record><header><identifier>oai:regmurcia.com:fintegr.1889</identifier><datestamp>2026-05-13</datestamp><setSpec>documentos</setSpec></header><metadata><record  xmlns="http://www.loc.gov/MARC21/slim" xmlns:xsi="http://www.w3.org/2001/XMLSchema-instance" xsi:schemaLocation="http://www.loc.gov/MARC21/slim http://www.loc.gov/standards/marcxml/schema/MARC21slim.xsd" type="Bibliographic"><leader>00000nam a2200000   4500</leader><controlfield tag="001" >005057664</controlfield><controlfield tag="003" >1889</controlfield><controlfield tag="004" >A00000000</controlfield><datafield tag="245" ind1=" " ind2=" "><subfield code="a">Cuentas del mayordomo Diego de Monzón sobre el pan que se trajo por mar a Murcia en 1490.</subfield></datafield><datafield tag="300" ind1=" " ind2=" "><subfield code="c">304 x 220, 225 x 157 mm.</subfield></datafield><datafield tag="300" ind1=" " ind2=" "><subfield code="a">10 fol.</subfield></datafield><datafield tag="351" ind1=" " ind2=" "><subfield code="a">Unidad Documental</subfield><subfield code="c">Archivo de Murcia. Array</subfield><subfield code="a">Unidad Documental</subfield><subfield code="c">Archivo de Murcia. Array</subfield></datafield><datafield tag="351" ind1=" " ind2=" "><subfield code="b">Nº 71</subfield></datafield><datafield tag="506" ind1=" " ind2=" "><subfield code="a">Acceso restringido</subfield></datafield><datafield tag="520" ind1=" " ind2=" "><subfield code="a">El documento incluye:&lt;/br&gt;- Cuentas del mayordomo Diego de Monzón sobre los gatos del pan que se trajo por mar a Murcia en 1490, comprado al Conde de Cardona. (1491-8-8. Murcia). Fol. 1r-5v y 8r-10v&lt;/br&gt;- Carta de obligación del regidor Pedro Riquelme y de Diego de Monzón, para pagar al Conde de Cardona 536 ducados, 8 sueldos y 8 dineros por razón de los 335 cahíces y 1 barchilla de trigo que éste vendió al concejo de Murcia. (1490-4-17. Murcia). Fol. 6r-7r</subfield></datafield><datafield tag="583" ind1=" " ind2=" "><subfield code="u">http://www.regmurcia.com/servlet/s.Sl?METHOD=VERDOCUMENTO&amp;sit=serv,Carmesi&amp;n=/01/1637/indice.djvu</subfield></datafield><datafield tag="592" ind1=" " ind2=" "><subfield code="a">1491-08-08</subfield></datafield><datafield tag="592" ind1=" " ind2=" "><subfield code="d">1491-08-08 00:00:00</subfield></datafield><datafield tag="651" ind1=" " ind2=" "><subfield code="a">Murcia</subfield></datafield><datafield tag="786" ind1=" " ind2=" "><subfield code="o">http://www.regmurcia.com/servlet/s.Sl?METHOD=VERDOCUMENTO&amp;sit=serv,Carmesi&amp;n=/01/1637/indice.djvu</subfield></datafield><datafield tag="856" ind1=" " ind2=" "><subfield code="u">http://www.regmurcia.com/servlet/s.Sl?METHOD=DETALLE&amp;sit=c,373,m,139,serv,Carmesi&amp;id=1889</subfield></datafield></record></metadata></record></GetRecord></OAI-PMH>
